000 01664nam0a2200349 4500
001 RU\NLR\bibl\1147355
005 20241119152307.0
020 _aRU
_b07-13025
_9Летопись авторефератов диссертаций
021 _aRU
_b2007-5630а
_9226а
035 _a(NLR Aleph) 001134169
090 _a1376754
_c1376754
100 _a20070615d2007 u u0rusy50 ca
101 0 _arus
102 _aRU
105 _aa dm |||||
200 1 _aСтратегия клиентоориентированного развития сферы телекоммуникационных услуг
_e(на примере ОАО "Уралсвязьинформ")
_eавтореф. дис. на соиск. учен. степ. канд. экон. наук
_eспециальность 08.00.05 <Экономика и упр. нар. хоз-вом>
_fКузяев Сергей Иванович
_g[Акад. нар. хоз-ва при Правительстве РФ]
210 _aМосква
_d2007
215 _a21, [1] с.
_cил.
_d21
320 _aБиблиогр.: с. 22 (3 назв.)
610 0 _aУрал, экон. науки
675 _a621.391(470.5)
_v3
_zrus
686 _a49
_2rugasnti
686 _a32.88-01
_2rubbk
686 _a08.00.05
_2oksvnk
700 1 _aКузяев
_bС. И.
_gСергей Иванович
_4070
801 0 _aRU
_bRKP
_c20070615
_gPSBO
801 1 _aRU
_bRKP
_c20070615
801 2 _aRU
_bNLR
_c20071031
_grcr
901 _eАвторефераты
942 _cBOOK
981 1 0 _a(10) Авторефераты